| Tag |
First Indicator |
Second Indicator |
Subfields |
| LEADER |
00000cam a2200000 a 4500 |
| 001 |
in00005716623 |
| 005 |
20260319180134.4 |
| 006 |
m o d |
| 007 |
cr |n||||||||| |
| 008 |
120117s2012 enka ob 001 0 eng d |
| 010 |
|
|
|z 2012930977
|
| 040 |
|
|
|a WYU
|b eng
|e pn
|c WYU
|d OCLCO
|d OCLCF
|d OCLCQ
|d YDXCP
|d CNCGM
|d UV0
|d UIU
|d NAM
|d STBDS
|d VGM
|d U3W
|d YOU
|d OCLCA
|d OCLCQ
|d HS0
|d VLB
|d OCLCO
|d SFB
|d OCLCO
|d OCLCQ
|d OCLCO
|d OCLCL
|d KAT
|d COA
|d OCLCL
|d OCLCQ
|d OCLCA
|d OCLCL
|
| 019 |
|
|
|a 812066698
|a 1224120338
|a 1298436106
|a 1340094215
|a 1503851596
|
| 020 |
|
|
|a 9780191741623
|q (electronic bk.)
|
| 020 |
|
|
|a 0191741620
|q (electronic bk.)
|
| 020 |
|
|
|z 9780199645787
|q (hardback ;
|q alk. paper)
|
| 020 |
|
|
|z 0199645787
|q (hardback ;
|q alk. paper)
|
| 024 |
8 |
|
|a 99949644785
|
| 024 |
8 |
|
|a (WaSeSS)ssj0000713904
|
| 035 |
|
|
|a (OCoLC)1064051183
|z (OCoLC)812066698
|z (OCoLC)1224120338
|z (OCoLC)1298436106
|z (OCoLC)1340094215
|z (OCoLC)1503851596
|
| 043 |
|
|
|a e-gr---
|
| 050 |
|
4 |
|a BL785
|b .G295 2012eb
|
| 082 |
0 |
4 |
|a 292.3/7
|2 23
|
| 084 |
|
|
|a 11.15
|2 bcl
|
| 049 |
|
|
|a TXAM
|
| 100 |
1 |
|
|a Gaifman, Milette,
|d 1971-
|1 https://id.oclc.org/worldcat/entity/E39PBJkT7JhhH8fW9k3CQWGyh3
|
| 245 |
1 |
0 |
|a Aniconism in Greek antiquity /
|c Milette Gaifman.
|
| 260 |
|
|
|a Oxford ;
|a New York :
|b Oxford University Press,
|c 2012.
|
| 300 |
|
|
|a 1 online resource (xviii, 357 pages) :
|b illustrations
|
| 336 |
|
|
|a text
|b txt
|2 rdacontent
|
| 337 |
|
|
|a computer
|b c
|2 rdamedia
|
| 338 |
|
|
|a online resource
|b cr
|2 rdacarrier
|
| 490 |
1 |
|
|a Oxford studies in ancient culture and representation
|
| 504 |
|
|
|a Includes bibliographical references (pages 313-345) and index.
|
| 505 |
0 |
|
|a What is Greek aniconism? -- Pausanias' aniconica -- Greek views of aniconism : the "primitive" within -- Rough rocks -- Standing stelai -- The aniconic depicted : stelai on classical vases -- Apollo's pointed column and the Dioskouroi's parallel beams.
|
| 520 |
8 |
|
|a This book explores a phenomenon known as aniconism — the absence of figural images of gods in Greek practiced religion and the adoption of aniconic monuments, namely objects such as pillars and poles, to designate the presence of the divine. Shifting our attention from the well-known territories of Greek anthropomorphism and naturalism, it casts new light on the realm of non-figural objects in Greek religious art. Drawing upon a variety of material and textual evidence dating from the rise of the Greek polis in the eighth century bc to the rise of Christianity in the first centuries ad, this book shows that aniconism was more significant than has often been assumed. Coexisting with the fully figural forms for representing the divine throughout Greek antiquity, aniconic monuments marked an undefined yet fixedly located divine presence. Cults centred on rocks were encountered at crossroads and on the edges of the Greek city. Despite aniconism's liminality, non-figural markers of divine presence became a subject of interest in their own right during a time when mimesis occupied the centre of Greek visual culture. The ancient Greeks saw the worship of stones and poles without images as characteristic of the beginning of their own civilization. Similarly, in the Hellenistic and Roman periods, the existence of aniconism was seen as physical evidence for the continuity of ancient Greek traditions from time immemorial.
|
| 650 |
|
0 |
|a Idols and images
|z Greece.
|
| 651 |
|
0 |
|a Greece
|x Religion.
|
| 650 |
|
6 |
|a Idoles et images
|z Grèce.
|
| 651 |
|
6 |
|a Grèce
|x Religion.
|
| 650 |
|
7 |
|a 11.15 Greek religion.
|0 (NL-LeOCL)077594029
|2 bcl
|
| 650 |
|
7 |
|a Idols and images
|2 fast
|
| 650 |
|
7 |
|a Religion
|2 fast
|
| 651 |
|
7 |
|a Greece
|2 fast
|1 https://id.oclc.org/worldcat/entity/E39PBJxd6hw8HtWYq9JY6hjjYP
|
| 650 |
|
7 |
|a Bildlosigkeit
|2 gnd
|
| 650 |
|
7 |
|a Gottesdarstellung
|2 gnd
|
| 650 |
|
7 |
|a Religion
|2 gnd
|
| 651 |
|
7 |
|a Griechenland
|g Altertum
|2 gnd
|
| 650 |
1 |
7 |
|a Godenbeelden.
|0 (NL-LeOCL)078522668
|2 gtt
|
| 650 |
1 |
7 |
|a Griekse oudheid.
|2 gtt
|
| 651 |
|
7 |
|a Griekenland.
|2 gtt
|
| 650 |
|
7 |
|a Religion.
|2 hilcc
|
| 650 |
|
7 |
|a Philosophy & Religion.
|2 hilcc
|
| 650 |
|
7 |
|a European Religions - pre-Christian.
|2 hilcc
|
| 650 |
|
7 |
|a Idols and images
|z Greece.
|2 nli
|
| 651 |
|
7 |
|a Greece
|x Religion.
|2 nli
|
| 655 |
|
7 |
|a Electronic books.
|2 local
|
| 758 |
|
|
|i has work:
|a Aniconism in Greek antiquity (Text)
|1 https://id.oclc.org/worldcat/entity/E39PCGGQcpdB37PpjHbDddXVvd
|4 https://id.oclc.org/worldcat/ontology/hasWork
|
| 776 |
0 |
8 |
|i Print version:
|a Gaifman, Milette, 1971-
|t Aniconism in Greek antiquity.
|d Oxford ; New York : Oxford University Press, 2012
|z 9780199645787
|z 0199645787
|w (DLC) 2012930977
|
| 776 |
0 |
8 |
|c Original
|z 9780199645787
|z 0199645787
|w (DLC) 2012930977
|
| 830 |
|
0 |
|a Oxford studies in ancient culture and representation.
|
| 856 |
4 |
0 |
|u http://proxy.library.tamu.edu/login?url=https://academic.oup.com/book/2046
|z Connect to the full text of this electronic book
|t 0
|
| 936 |
|
|
|a BATCHLOAD
|
| 955 |
|
|
|a Oxford Scholarship Online
|
| 994 |
|
|
|a 92
|b TXA
|
| 999 |
f |
f |
|i a0d9ddb5-d788-4ebe-9904-2fae8bd2564f
|s 25fcde7f-6b71-44c9-9ee1-c6f87348bf67
|t 0
|
| 952 |
f |
f |
|a Texas A&M University
|b College Station
|c Electronic Resources
|s www_evans
|d Available Online
|t 0
|e BL785 .G295 2012eb
|h Library of Congress classification
|
| 998 |
f |
f |
|a BL785 .G295 2012eb
|t 0
|l Available Online
|